<?xml version="1.0" encoding="UTF-8"?>
<record
    xmlns:xsi="http://www.w3.org/2001/XMLSchema-instance"
    xsi:schemaLocation="http://www.loc.gov/MARC21/slim http://www.loc.gov/standards/marcxml/schema/MARC21slim.xsd"
    xmlns="http://www.loc.gov/MARC21/slim">

  <leader>01292    a2200145   4500</leader>
  <datafield tag="020" ind1=" " ind2=" ">
    <subfield code="a">9788492505647</subfield>
  </datafield>
  <datafield tag="082" ind1=" " ind2=" ">
    <subfield code="a">709.946</subfield>
    <subfield code="b">AR786d7</subfield>
  </datafield>
  <datafield tag="100" ind1=" " ind2=" ">
    <subfield code="a">Villaespesa Mar</subfield>
    <subfield code="9">305</subfield>
  </datafield>
  <datafield tag="110" ind1=" " ind2=" ">
    <subfield code="a">BNV Producciones</subfield>
    <subfield code="9">304</subfield>
  </datafield>
  <datafield tag="245" ind1=" " ind2=" ">
    <subfield code="a">Desacuerdos 7</subfield>
  </datafield>
  <datafield tag="300" ind1=" " ind2=" ">
    <subfield code="a">300p</subfield>
    <subfield code="c">24p</subfield>
  </datafield>
  <datafield tag="440" ind1=" " ind2=" ">
    <subfield code="a">Desacuerdos</subfield>
    <subfield code="9">243</subfield>
  </datafield>
  <datafield tag="505" ind1=" " ind2=" ">
    <subfield code="t">Editorial</subfield>
    <subfield code="t">De cultura polt&#x315;ica, cultura de g&#x148;ero y aprendizaje del feminismo histr&#x324;ico en el Estado espa&#x1EB;l</subfield>
    <subfield code="t">Espa&#x1EB;las con, contra, bajo, (d)el franquismo</subfield>
    <subfield code="t">La heterogeneidad como estrategia de afirmacin&#x324;. La constitucin&#x324; de una mirada femenina antes y despu&#x161; de la Guerra Civil.</subfield>
    <subfield code="t">El imperio de "las se&#x1EB;ras". Org&#x315;enes de un mito fundacional o el acceso de las mujeres a la institucin&#x324; arte.</subfield>
    <subfield code="t">Yes, we camp. El estilo como resistencia.  Feminismos, disidencia de g&#x148;ero y prc&#x300;ticas subculturales en el Estado espa&#x1EB;l.</subfield>
    <subfield code="t">Desviando la atencin&#x324;.  De la representacin&#x324; del cuerpo al cuerpo vector en la nueva danza</subfield>
    <subfield code="t">Del paradj&#x324;ico reforzamiento (y descr&#x10F;ito) de la categora&#x315; mujer a su erosin&#x324; en las prc&#x300;ticas y discursos arts&#x315;ticos en el Estado espa&#x1EB;l. </subfield>
    <subfield code="t">De la cultura feminista en la institucin&#x324; del arte. </subfield>
    <subfield code="t">Apuntes desde un feminismo que no lleg a&#x324;l poder. </subfield>
    <subfield code="t">La re-politizacin&#x324; del feminismo, activismo y microdiscursos posidentitarios. </subfield>
  </datafield>
  <datafield tag="650" ind1=" " ind2=" ">
    <subfield code="a">Arte</subfield>
    <subfield code="v">Cultura espa&#x1EB;la</subfield>
    <subfield code="9">244</subfield>
  </datafield>
  <datafield tag="999" ind1=" " ind2=" ">
    <subfield code="c">57</subfield>
    <subfield code="d">57</subfield>
  </datafield>
  <datafield tag="952" ind1=" " ind2=" ">
    <subfield code="0">0</subfield>
    <subfield code="1">0</subfield>
    <subfield code="2">ddc</subfield>
    <subfield code="4">0</subfield>
    <subfield code="7">0</subfield>
    <subfield code="a">LV</subfield>
    <subfield code="b">LV</subfield>
    <subfield code="c">Pensamiento</subfield>
    <subfield code="d">2014-04-08</subfield>
    <subfield code="l">0</subfield>
    <subfield code="o">709.946 AR786d7</subfield>
    <subfield code="p">000071</subfield>
    <subfield code="r">2014-04-08 00:00:00</subfield>
    <subfield code="w">2014-04-08</subfield>
    <subfield code="y">01</subfield>
  </datafield>
</record>
